Literary cultures of Latin America a comparative history (Registro nro. 88345)
[ vista simple ]
| 000 -ENCABEZADO | |
|---|---|
| Número de control [NR] | 01258nam a22002897a 4500 |
| 005 - FECHA Y HORA DE LA ÚLTIMA TRANSACCIÓN | |
| control field | 20170331082604.0 |
| 008 - DE LONGITUD FIJA DE DATOS DE ELEMENTOS - INFORMACIÓN GENERAL | |
| Elementos de longitud fija [NR] | 130821s2004 xxuab gr eng |
| 020 ## - NUMERO INTERNACIONAL NORMALIZADO PARA LIBROS [R] | |
| Número Internacional Normalizado del libro [NR] | 0195126211 |
| 020 ## - NUMERO INTERNACIONAL NORMALIZADO PARA LIBROS [R] | |
| Número Internacional Normalizado del libro [NR] | 0195175409 |
| Términos de disponibilidad [NR] | v.1 |
| 020 ## - NUMERO INTERNACIONAL NORMALIZADO PARA LIBROS [R] | |
| Número Internacional Normalizado del libro [NR] | 0195175417 |
| Términos de disponibilidad [NR] | v.2 |
| 020 ## - NUMERO INTERNACIONAL NORMALIZADO PARA LIBROS [R] | |
| Número Internacional Normalizado del libro [NR] | 0195175425 |
| Términos de disponibilidad [NR] | v.3 |
| 040 ## - FUENTE DE CATALOGACION [NR] | |
| Agencia de catalogación original [NR] | Co-BoUCM |
| Idioma de catalogación [NR] | spa |
| Quien Cataloga | David Avila (modificó) |
| Quien Clasifica | [Nuevo] |
| 041 00 - CODIGO DE IDIOMA [R] | |
| Código de idioma para texto/pista de sonido o título separado [R] | Inglés |
| 245 00 - MENCION DE TITULO [NR] | |
| Título [NR] | Literary cultures of Latin America a comparative history |
| Mención de responsabilidad, etc. [NR] | Mario J. Valdés y Djelal Kadir, editores. |
| 260 ## - PUBLICACION, DISTRIBUCION, ETC. (PIE DE IMPRENTA) [R] | |
| Lugar de publicación, distribución, etc. [R] | Nueva York (Estados Unidos) |
| Nombre del editor, distribuidor, etc. [R] | Oxford University Press |
| Fecha de publicación, distribución, etc. [R] | 2004 |
| 300 ## - DESCRIPCION FISICA [R] | |
| Extensión [R] | 3 volúmenes |
| Otros detalles físicos [NR] | ilustraciones, mapas |
| 505 0# - NOTA DE CONTENIDO CON FORMATO PREESTABLECIDO [R] | |
| Nota de contenido con formato preestablecido [NR] | v. 1 Configurations of literary culture -- v. 2 Institutional modes and cultural modalities -- v. 3 Latin American literary culture. |
| 650 04 - ASIENTO SECUNDARIO DE MATERIA - TERMINO TEMATICO [R] | |
| Término temático o nombre geográfico como elemento de entrada [NR] | Literatura latinoamericana |
| Subdivisión general [R] | Historia y crítica |
| 9 (RLIN) | 18701 |
| 650 04 - ASIENTO SECUNDARIO DE MATERIA - TERMINO TEMATICO [R] | |
| Término temático o nombre geográfico como elemento de entrada [NR] | Literatura y sociedad |
| 9 (RLIN) | 18700 |
| Subdivisión geográfica [R] | América latina |
| 690 #0 - ASUNTO AGREGADO LOCAL DE ENTRADA - TÉRMINO TEMÁTICO (OCLC, RLIN) | |
| Acceso temático local | Literatura |
| 9 (RLIN) | 18599 |
| 700 1# - ASIENTO SECUNDARIO - NOMBRE PERSONAL [R] | |
| Nombre personal [NR] | Kadir, Djelal. |
| 9 (RLIN) | 84955 |
| 700 1# - ASIENTO SECUNDARIO - NOMBRE PERSONAL [R] | |
| Nombre personal [NR] | Valdés, Mario J. |
| 9 (RLIN) | 84956 |
| 856 41 - LOCALIZACION Y ACCESO ELECTRONICOS [R] | |
| Especificación de los materiales [NR] | Contenido |
| Identificador Uniforme del Recurso (“URI”) [R] | <a href="http://www.loc.gov/catdir/toc/ecip0412/2003027353.html">http://www.loc.gov/catdir/toc/ecip0412/2003027353.html</a> |
| 856 42 - LOCALIZACION Y ACCESO ELECTRONICOS [R] | |
| Especificación de los materiales [NR] | Publicador |
| Identificador Uniforme del Recurso (“URI”) [R] | <a href="http://www.loc.gov/catdir/enhancements/fy0614/2003027353-d.html">http://www.loc.gov/catdir/enhancements/fy0614/2003027353-d.html</a> |
| 942 ## - ELEMENTOS DE ENTRADA AGREGADOS (KOHA) | |
| Tipo de ítem principal el descrito en 300a | Libro |
| Tema principal | Literatura |
| Edición | 1 |
| Parte restante de la signatura top. | L776 |
| Sistema de clasificación | DEWEY |
| Clasificación | 860.998 |
| Fecha de último préstamo | Signatura topográfica | Código de barras | Última vez visto | Volúmen / Fascículo | Ejemplar | Price effective from | Tipo de ítem | Perdido | Sistema de clasificación | Dañado | No prestable | Tipo de ítem específico | Suprimido | Ubicación habitual | Ubicación actual | Localización | Fecha de creación | Forma de adquisición | Costo |
|---|---|---|---|---|---|---|---|---|---|---|---|---|---|---|---|---|---|---|---|
| 26/03/2009 | 860.998 L776 | 100097605 | 09/12/2025 | V.2 | Ej.1 | 03/02/2013 | Libro | DEWEY | Libro | Claustro | Claustro | 2do piso | 28/02/2013 | Compra | 430808.00 | ||||
| 26/03/2009 | 860.998 L776 | 100097604 | 09/12/2025 | V.1 | Ej.1 | 03/02/2013 | Libro | DEWEY | Libro | Claustro | Claustro | 2do piso | 28/02/2013 | Compra | 430808.00 | ||||
| 26/03/2009 | 860.998 L776 | 100097606 | 09/12/2025 | V.3 | Ej.1 | 03/02/2013 | Libro | DEWEY | Libro | Claustro | Claustro | 2do piso | 28/02/2013 | Compra | 430808.00 |